| 000 | 00931nam a2200241Ia 4500 | ||
|---|---|---|---|
| 008 | 130821s1995 sp ao gr spa | ||
| 020 | _a8446005972 | ||
| 040 |
_aCo-BoUCM _bspa |
||
| 041 | 0 | 0 | _aspa |
| 100 | 1 | _aChipp, Herschel B. | |
| 245 | 1 | 0 |
_aTeorías del arte contemporáneo fuentes artísticas y opiniones críticas _cHerschel B. Chipp ; traducción de Julio Rodríguez Puértolas |
| 260 |
_aMadrid (España) _bAkal _c1995 |
||
| 300 |
_a711 páginas _bilustraciones, fotografías |
||
| 490 | 0 |
_aFuentes de Arte. _v12 _aSerie Mayor / Yago Barja de Quiroga |
|
| 650 | 0 | 4 |
_aArte moderno _ySiglo XX _99500 |
| 650 | 0 | 4 |
_aCrítica e interpretación _97470 |
| 650 | 0 | 4 |
_aEstética _915073 |
| 650 | 0 | 4 |
_aFilosofía del arte _915786 |
| 700 | 1 |
_aRodriguez PUERTOLA, Julio _etrad. |
|
| 830 | _aBibliografía Básica Medio Universitario. | ||
| 942 |
_cLIBRO _a17 _e1 _mC541t _2DEWEY _h701.18 |
||
| 999 |
_c45865 _d45865 |
||